01642cam a22004457a 4500003000500000005001700005008004100022010001000063011001000073020001500083035001000098040000900108090001800117100002800135245011700163260010200280300003000382410001200412490003100424590004100455590004100496590004100537590004100578590004100619590004200660650004400702650002700746650002700773650003300800700002600833700002600859810001900885830003800904901000700942905002400949942000900973949006200982999001701044952013501061CHAP20220329142342.0000912d1999 ii a r 00110 eng d a82212 a83184 a9290664061 a93695 cCHAP aFolleto 1064600aSharma, Hari C.910550514aThe legume pod borer, Maruca vitrata :bbionomics and managementc/by H.C. Sharma, K. B. Saxena and V.R. Bhagwat aAndhra Pradesh, India :bInternational Crops Research Institute for the Semi-Arid Tropics,c1999. a40 p. :bilus. ; gráfs. aICRISAT 0aInformation bulletinv; 55 aBATCH-UPDb10c20130110lUCH01h0124 aBATCH-UPDb10c20130110lUCH01h0630 aBATCH-UPDb10c20130110lUCH01h2327 aBATCH-UPDb10c20130410lUCH01h0944 aBATCH-UPDb10c20130914lUCH01h1045 aCONVERSIONb10c20130109lUCH01h134614aControl biológico de insectos.92758214aLepidópteros.96625214aMaruca vitrata.97271714aPlantas insecticidas.9890100 aBhagwat, V. R.9121450 aSaxena, K. B.910281400aICRISAT9572720 aInformation bulletinv; 55958099 aBK aPatricia Mendoza P. cFOLL aFolleto 10646bBCcFOLLd936951eTS1i93695kDonaciØnsb c82212d82212 00102local4051708FOLLaBCbBCcPA_FOLLETOSd2012-12-17fFOLLl0oFolleto 10646p936951r2019-12-31 00:00:00w2012-12-17yFOLL